| 000 | 00730nam a2200229Ia 4500 | ||
|---|---|---|---|
| 003 | GCL | ||
| 008 | 140319s9999 xx 000 0 ara d | ||
| 020 | _a7041351977 | ||
| 040 |
_aGCL / _cGCL |
||
| 082 | 0 | 4 |
_aق _b070.49 _bن ت |
| 100 | 1 | _aناصر عراق | |
| 245 | 1 | 0 |
_aتاريخ الرسم الصحفى فى مصر / _cناصر عراق |
| 250 | _aالاولى | ||
| 260 |
_aالقاهرة : _bميريت للنشر والمعلومات ، _c2002 |
||
| 300 |
_a348 ص ؛ _c25 سم |
||
| 650 | 0 | 4 | _aالصحافة المصرية |
| 650 | 0 | 4 | _aالصحافة الفنية |
| 650 | 0 | 4 | _aالكاريكاتير |
| 650 | 0 | 4 | _aالصحافة - تاريخ |
| 650 | 0 | 4 | _aالصحافة المصورة |
| 942 |
_2ddc _cBK |
||
| 999 |
_c56846 _d56846 |
||